| 000 | 00906cad a22002175a 4500 | ||
|---|---|---|---|
| 001 | L156494 | ||
| 008 | 120529s2012 xxk f 000 0 eng d | ||
| 035 | _a(Sirsi) u156494 | ||
| 041 | 0 | _aeng | |
| 110 | 2 |
_aKnight Frank _91530 |
|
| 245 | 0 | 4 |
_aThe housebuilding report 2012 _h[electronic resource] |
| 260 |
_aLondon _bKnight Frank LLP _c2012 |
||
| 490 | 0 | _aKnight Frank Residential Research | |
| 520 | _aThis report contains the findings of a second annual survey of the UK housebuilding sector, giving an insight to developers' views on the outlook for the new homes industry. | ||
| 590 | _aKA NTK | ||
| 651 | 4 |
_aUnited Kingdom _y |
|
| 690 |
_aResidential property _96266 |
||
| 690 |
_aConstruction management _96230 |
||
| 856 | 4 | 0 |
_uhttps://my.knightfrank.com/research-reports/housebuilding-report.aspx _zRegister here to download the report free of charge (PDF file) www.knightfrank.com |
| 942 | _n0 | ||
| 999 |
_c114276 _d114276 |
||